000 00627nam a2200193Ii 4500
003 JO-AjNU
008 230605s9999||||xx |||||||||||||| ||und||
040 _aJO-AjNU
_bara
_erda
_cJO-AjNU
041 _aara
050 1 4 _aPJ6696.B2448 2000
100 3 _aبلطه جي، توفيق,
_eauthor
_913675
245 0 0 _aمختارات معربة من القرآن الكريم
264 3 1 _aدمشق: دار الفكر، 2000
300 _a151ص
336 _atext
_btxt
_2rdacontent
337 _aunmediated
_bn
_2rdamedia
338 _avolume
_bnc
_2rdacarrier
650 4 _aالقرآن الكريم - ألفاظ - إعراب
_913676
999 _aA3466
_c7034
_d7034